000 00540nam a2200169 4500
001 117522
003 ES-MaACL
007 t|
008 070214s1972 xxu r ||||1| eng d
100 1 _aPanofsky, Wolfgang K. H.
_988813
245 1 0 _aClassical electricity and magnetism /
_cby Wolfgang K. H. Panofsky and Melba Phillips.
250 _a2nd ed.
260 _aReading (Massachusetts) [etc.] :
_bAddison-Wesley,
_c1972.
300 _a494 p. :
_bil. ;
_c21 cm.
700 1 _aPhillips, Melba.
_991701
852 _aES-MaACL
_jE-6821
_bR.91246
999 _c117522
_d117522